<?xml version="1.0" encoding="UTF-8"?><?xml-stylesheet type="text/xsl" href="static/style.xsl"?><OAI-PMH xmlns="http://www.openarchives.org/OAI/2.0/" xmlns:xsi="http://www.w3.org/2001/XMLSchema-instance" xsi:schemaLocation="http://www.openarchives.org/OAI/2.0/ http://www.openarchives.org/OAI/2.0/OAI-PMH.xsd"><responseDate>2026-06-01T01:23:04Z</responseDate><request verb="GetRecord" identifier="oai:riuma.uma.es:10630/26757" metadataPrefix="marc">https://riuma.uma.es/rest/oai/request</request><GetRecord><record><header><identifier>oai:riuma.uma.es:10630/26757</identifier><datestamp>2026-02-03T12:53:20Z</datestamp><setSpec>com_10630_25813</setSpec><setSpec>com_10630_3139</setSpec><setSpec>com_10630_10</setSpec><setSpec>col_10630_25835</setSpec></header><metadata><record xmlns="http://www.loc.gov/MARC21/slim" xmlns:dcterms="http://purl.org/dc/terms/" xmlns:doc="http://www.lyncode.com/xoai" xmlns:xsi="http://www.w3.org/2001/XMLSchema-instance" xsi:schemaLocation="http://www.loc.gov/MARC21/slim http://www.loc.gov/standards/marcxml/schema/MARC21slim.xsd">
   <leader>00925njm 22002777a 4500</leader>
   <datafield ind2=" " ind1=" " tag="042">
      <subfield code="a">dc</subfield>
   </datafield>
   <datafield ind2=" " ind1=" " tag="720">
      <subfield code="a">Varona Gómez, Daniel</subfield>
      <subfield code="e">author</subfield>
   </datafield>
   <datafield ind2=" " ind1=" " tag="260">
      <subfield code="c">2008-03-26</subfield>
   </datafield>
   <datafield ind2=" " ind1=" " tag="520">
      <subfield code="a">Los Boletines de marzo y abril los dedicamos a la exposición de los resultados de un tipo de estudio que se ha realizado en muy pocas ocasiones en nuestro país, preguntar a la ciudadanía sobre su actitud punitiva. Existe la creencia generalizada de que la tendencia social dominante demanda una mayor dureza en la lucha contra el delito, pero estudios criminológicos de otros países europeos han demostrado la existencia de esta línea de opinión y que ésta se basa en creencias sesgadas sobre la delincuencia y sobre el funcionamiento de la justicia penal, ¿ocurre lo mismo en España?&#xd;
&#xd;
En esta primera parte se verá cuál es la visión de la población encuestada respecto a la delincuencia y al sistema penal.</subfield>
   </datafield>
   <datafield ind1="8" ind2=" " tag="024">
      <subfield code="a">Varona Gómez, D. (2008). Opinión pública y justicia penal: resultados de un estudio piloto (I). Boletín Criminológico, (14). https://doi.org/10.24310/Boletin-criminologico.2008.v14i.8748</subfield>
   </datafield>
   <datafield ind1="8" ind2=" " tag="024">
      <subfield code="a">https://hdl.handle.net/10630/26757</subfield>
   </datafield>
   <datafield ind1="8" ind2=" " tag="024">
      <subfield code="a">https://doi.org/10.24310/Boletin-criminologico.2008.v14i.8748</subfield>
   </datafield>
   <datafield tag="653" ind2=" " ind1=" ">
      <subfield code="a">Administración de justicia penal - Opinión pública</subfield>
   </datafield>
   <datafield ind2="0" ind1="0" tag="245">
      <subfield code="a">Opinión pública y justicia penal: resultados de un estudio piloto (I).</subfield>
   </datafield>
</record>
</metadata></record></GetRecord></OAI-PMH>